| Tag |
First Indicator |
Second Indicator |
Subfields |
| LEADER |
00000cam a2200000Mi 4500 |
| 001 |
in00005485621 |
| 006 |
m o d |
| 007 |
cr |n|---uuuuu |
| 008 |
190801s2019 enk o ||| 0 eng d |
| 005 |
20240917171445.3 |
| 035 |
|
|
|a (OCoLC)on1119014999
|
| 040 |
|
|
|a UKAMD
|b eng
|c UKAMD
|d OCLCO
|
| 035 |
|
|
|a (OCoLC)1119014999
|
| 049 |
|
|
|a TXAM
|
| 245 |
0 |
0 |
|a Main Series of Letters received, John Oxley, Surveyor General, 1810-25
|g 1810-1825.
|
| 264 |
|
1 |
|a Marlborough, Wiltshire :
|b Adam Matthew Digital,
|c 2019.
|
| 300 |
|
|
|a 1 online resource.
|
| 336 |
|
|
|a text
|b txt
|2 rdacontent
|
| 337 |
|
|
|a computer
|b c
|2 rdamedia
|
| 338 |
|
|
|a online resource
|b cr
|2 rdacarrier
|
| 490 |
0 |
|
|a AM Scholar: Empire Studies.
|
| 500 |
|
|
|a 4/1814.
|
| 534 |
|
|
|p Reproduction of:
|t Main Series of Letters received, John Oxley, Surveyor General, 1810-25
|c 1810-1825.
|
| 535 |
1 |
|
|a State Archives and Records Authority of New South Wales
|
| 542 |
|
|
|f Material sourced from the State Archives and Records Authority of New South Wales
|
| 588 |
0 |
|
|a Description based on online resource (viewed on August 1, 2019).
|
| 655 |
|
7 |
|a Electronic books.
|2 local
|
| 710 |
2 |
|
|a Adam Matthew Digital (Firm),
|e digitiser.
|
| 856 |
4 |
0 |
|u http://proxy.library.tamu.edu/login?url=https://www.amscholar.amdigital.co.uk/Documents/Details/AustrailliaColonialLifeAndSettlement_Part3_Reel68_Vol2
|z Connect to the full text of this electronic book
|t 0
|
| 955 |
|
|
|a Adam Matthew Scholar Empire Studies
|
| 994 |
|
|
|a 92
|b TXA
|
| 999 |
f |
f |
|s 76ace9bb-9e2f-4f9e-9f77-abbbac792f46
|i 514b113b-0d4c-4424-a484-eb3bcf85731f
|t 0
|
| 952 |
f |
f |
|a Texas A&M University
|b College Station
|c Electronic Resources
|d Available Online
|t 0
|h Library of Congress classification
|
| 998 |
f |
f |
|t 0
|l Available Online
|